000 01359nam0a2200361 4500
001 RU\NLR\bibl\1825450
005 20260409065235.0
010 _a978-5-7591-1166-5
_9500
021 _aRU
_b2011-76153
_95413
035 _a(NLR Aleph) 001815980
035 _a(nilc)RSL-KNO-004948678
090 _a1938386
_c1938386
100 _a20110602d2010 k y0rusy50 ca
101 0 _arus
102 _aRU
105 _aa zzzz|||||
200 1 _aПсихология совладающего поведения в разные периоды жизни
_fТ.Л. Крюкова
_gМ-во образования и науки Российской Федерации, Костромской гос. ун-т им. Н. А. Некрасова
210 _aКострома
_cКГУ
_d2010
215 _a294, [1] с.
_cил.
_d26
320 _aБиблиогр.: с. 274-292
606 _aПоведение (психол.)
_9916369
_3RU\NLR\auth\6615999
610 0 _aсовладающее поведение
686 _aЮ936.2,0
_2rubbk
686 _aЮ936.2
700 1 _aКрюкова
_bТ. Л.
_gТатьяна Леонидовна
_4070
801 0 _aRU
_bРГБ
_c20110602
_grcr
801 1 _aRU
_bРГБ
_c20110602
801 2 _aRU
_bNLR
_c20111026
_grcr
830 _aАвт. по кн.
942 _cBOOK
980 _aNB